Koučovanie - nástroj rozvoja a vedenia ľudských zdrojov bakalárska práca

Saved in:
Bibliographic Details
Main Author: Špačková, Paulína
Corporate Author: Fakulta podnikového manažmentu EU. Katedra manažmentu
Other Authors: Skorková, Zuzana, 1979-
Format: Book
Language:Slovak
Published: Bratislava 2018
Tags: Add Tag
No Tags, Be the first to tag this record!

MARC

LEADER 00000nbm a2200000 4500
001 0244833
005 20180918144946.5
041 0 |a slo 
044 |a SK 
245 1 0 |a Koučovanie - nástroj rozvoja a vedenia ľudských zdrojov  |b bakalárska práca  |c Paulína Špačková ; školiteľ: Zuzana Skorková 
264 1 |a Bratislava  |c 2018 
300 |a 66 s. 
100 1 |a Špačková, Paulína 
700 1 |a Skorková, Zuzana, 1979- 
710 2 |a Fakulta podnikového manažmentu EU. Katedra manažmentu